[Event "AUTO-MASTER-988"]
[Site "http://www.queenalice.com/game.php?id=700481"]
[Date "2009.12.19"]
[Round "1"]
[White "REIDID93"]
[Black "Gerd"]
[Result "1-0"]
[WhiteElo "1908"]
[BlackElo "1808"]

1. d4 d5 2. c4 dxc4 3. Nc3 a6 4. a4 e6 5. e4 Bb4 6. Bxc4 Ne7 7. Ne2 c5 8. d5
exd5 9. exd5 O-O 10. O-O Nf5 11. Bf4 Nd7 12. Ne4 Nb6 13. Qb3 Nxc4 14. Qxc4 a5
15. Nxc5 b6 16. Ne4 Ba6 17. Qc2 Qxd5 18. Rfd1 Qb7 19. N2g3 Rac8 20. Qb3 Bc4 21.
Qf3 Qc6 22. Nxf5 Qe6 23. Nfd6 Bxd6 24. Rxd6 Qe7 25. Rxb6 Rfe8 26. Re1 Qc5 27.
Nf6+ gxf6 28. Qg4+ Kh8 29. Rxe8+ Rxe8 30. Rb8 Rxb8 31. Bxb8 Be6 32. Qf4 1-0

[Event "AUTO-MASTER-988"]
[Site "http://www.queenalice.com/game.php?id=700482"]
[Date "2009.12.19"]
[Round "1"]
[White "Gerd"]
[Black "REIDID93"]
[Result "0-1"]
[WhiteElo "1821"]
[BlackElo "1895"]

1. d4 Nf6 2. e3 g6 3. Bd3 Bg7 4. Nf3 d6 5. Nc3 c6 6. a3 O-O 7. h3 Nbd7 8. e4 e5
9. b4 a6 10. Bg5 Qc7 11. O-O b5 12. d5 c5 13. Bxf6 Bxf6 14. Na2 Nb6 15. c3 Bg7
16. Rc1 c4 17. Be2 Bh6 18. Rc2 f5 19. Nd2 Na4 20. Bf3 f4 21. Bg4 Bxg4 22. Qxg4
Qe7 23. Nf3 Rf7 24. Rd1 Re8 25. Nh4 Kh8 26. Nxg6+ hxg6 27. Qxg6 Rh7 28. f3 Rg8
29. Qe6 Qd8 30. Nc1 Bf8 31. Ne2 Qb6+ 32. Nd4 Qc7 0-1

[Event "AUTO-MASTER-1002"]
[Site "http://www.queenalice.com/game.php?id=708093"]
[Date "2010.1.4"]
[Round "1"]
[White "Montfort"]
[Black "Gerd"]
[Result "0-1"]
[WhiteElo "1846"]
[BlackElo "1841"]

1. c4 e6 2. Nc3 Bb4 3. Nf3 Bxc3 4. bxc3 c5 5. d4 Qa5 6. Bd2 Ne7 7. g3 Nbc6 8.
Bg2 d6 9. O-O Nf5 10. e4 Nfe7 11. Re1 h6 0-1

[Event "AUTO-MASTER-1002"]
[Site "http://www.queenalice.com/game.php?id=708094"]
[Date "2010.1.4"]
[Round "1"]
[White "Gerd"]
[Black "Montfort"]
[Result "1-0"]
[WhiteElo "1857"]
[BlackElo "1830"]

1. d4 e6 2. e3 Nf6 3. Bd3 Be7 4. Nf3 O-O 5. Na3 Bxa3 6. bxa3 b6 7. c4 Bb7 8. Bb2
d5 9. O-O c5 10. Ne5 Nbd7 11. Ng4 dxc4 12. Bxc4 1-0

[Event "AUTO-MASTER-1002"]
[Site "http://www.queenalice.com/game.php?id=708111"]
[Date "2010.1.4"]
[Round "1"]
[White "Gerd"]
[Black "Ribar"]
[Result "0-1"]
[WhiteElo "1830"]
[BlackElo "2105"]

1. d4 Nf6 2. e3 g6 3. Bd3 Bg7 4. Nf3 O-O 5. h3 c5 6. O-O d6 7. Nc3 b6 8. Ne4 Bb7
9. Nxf6+ Bxf6 10. e4 cxd4 11. Re1 e5 12. Bh6 Bg7 13. Qd2 Nd7 14. Bg5 f6 15. Bh6
Rc8 16. Bc4+ Kh8 17. Nh4 Nc5 18. f3 Nxe4 19. Bxg7+ Kxg7 20. fxe4 Rxc4 21. b3 Rc3
22. Nf3 Qa8 23. Nxd4 exd4 24. Qxd4 Rc6 25. c4 Re8 26. Rad1 Re5 27. Qe3 Qe8 28.
Rd5 Rxd5 29. exd5 Qxe3+ 30. Rxe3 Rc7 31. Re6 Rd7 32. g4 Kf7 33. Kf2 b5 34. Ke3
bxc4 35. bxc4 Re7 0-1

[Event "AUTO-MASTER-1002"]
[Site "http://www.queenalice.com/game.php?id=708112"]
[Date "2010.1.4"]
[Round "1"]
[White "Ribar"]
[Black "Gerd"]
[Result "1-0"]
[WhiteElo "2101"]
[BlackElo "1835"]

1. c4 e6 2. Nf3 Nc6 3. g3 Nf6 4. Bg2 d5 5. O-O Bd6 6. d4 dxc4 7. Nc3 a6 8. e4
Bb4 9. Bg5 h6 10. Bxf6 Qxf6 11. d5 Bxc3 12. dxc6 Bxb2 13. cxb7 Bxb7 14. Qa4+ c6
15. e5 Qe7 16. Rab1 c3 17. Nd4 Rc8 18. Rfd1 O-O 19. Qb3 Rfd8 20. Rxb2 cxb2 21.
Qxb2 Rc7 22. Rc1 c5 23. Nc2 Bxg2 24. Kxg2 Rcd7 25. Ne3 Rd2 26. Rc2 Rxc2 27. Qxc2
Qb7+ 28. f3 Qb5 29. Nc4 Rd4 30. Nd6 Qb4 31. Ne4 Rc4 32. Qd1 Rd4 33. Qc2 Rc4 34.
Qd3 Qb2+ 35. Kh3 Qxa2 36. Qd8+ Kh7 37. Qf8 1-0

[Event "AUTO-MASTER-1002"]
[Site "http://www.queenalice.com/game.php?id=708113"]
[Date "2010.1.4"]
[Round "1"]
[White "Gerd"]
[Black "andrevillares"]
[Result "0-1"]
[WhiteElo "1851"]
[BlackElo "2110"]

1. d4 Nf6 2. e3 d5 3. h3 c5 4. Bb5+ Bd7 5. Bxd7+ Qxd7 6. Nc3 e6 7. Nf3 Nc6 8.
Ne5 Nxe5 9. dxe5 Ng8 10. f4 Ne7 11. b3 Nf5 12. Qf3 Be7 13. O-O O-O 14. Bb2 d4
15. exd4 cxd4 16. Ne4 Rac8 17. c3 dxc3 18. Bxc3 Bc5+ 19. Nxc5 Rxc5 20. Bb4 Qd4+
21. Qf2 Qxb4 0-1

[Event "AUTO-MASTER-1002"]
[Site "http://www.queenalice.com/game.php?id=708114"]
[Date "2010.1.4"]
[Round "1"]
[White "andrevillares"]
[Black "Gerd"]
[Result "1-0"]
[WhiteElo "2105"]
[BlackElo "1857"]

1. d4 d5 2. c4 e6 3. Nc3 Bb4 4. Nf3 Nh6 5. cxd5 Bxc3+ 6. bxc3 Nf5 7. e4 Ne7 8.
dxe6 Bxe6 9. Ba3 O-O 10. d5 Bg4 11. Bd3 Re8 12. h3 Bxf3 13. Qxf3 Ng6 14. O-O Ne5
15. Qe3 Qh4 16. Be2 Nbd7 17. f4 Ng6 18. c4 b6 19. e5 Ndxe5 20. fxe5 Rxe5 21. Qf3
Qd4+ 22. Kh1 1-0

[Event "AUTO-ADV-1423"]
[Site "http://www.queenalice.com/game.php?id=731303"]
[Date "2010.2.13"]
[Round "2"]
[White "erig1969"]
[Black "Gerd"]
[Result "1-0"]
[WhiteElo "1959"]
[BlackElo "1766"]

1. d4 d5 2. c4 e6 3. cxd5 Qxd5 4. Nc3 Qd8 5. e4 Bb4 6. Nf3 Nf6 7. Bg5 h6 8. Bxf6
gxf6 9. e5 f5 10. Qa4+ Nc6 11. Bb5 Bxc3+ 12. bxc3 Bd7 13. Rd1 1-0

[Event "AUTO-ADV-1423"]
[Site "http://www.queenalice.com/game.php?id=731304"]
[Date "2010.2.13"]
[Round "2"]
[White "Gerd"]
[Black "erig1969"]
[Result "0-1"]
[WhiteElo "1758"]
[BlackElo "1967"]

1. d4 d5 2. e3 c5 3. c3 Nf6 4. Nf3 Nc6 5. Bb5 Bd7 6. O-O e6 7. Bxc6 Bxc6 8. Ne5
cxd4 9. exd4 Bd6 10. f4 Ne4 11. Nd2 Nxd2 12. Bxd2 f6 0-1

[Event "AUTO-ADV-1423"]
[Site "http://www.queenalice.com/game.php?id=731305"]
[Date "2010.2.13"]
[Round "2"]
[White "lfcanales"]
[Black "Gerd"]
[Result "1-0"]
[WhiteElo "1991"]
[BlackElo "1787"]

1. e4 e5 2. Nf3 d6 3. Nc3 Nf6 4. Bc4 Be6 5. Bxe6 fxe6 6. d3 h6 7. O-O Nc6 8. Be3
g5 9. h3 Bg7 10. Qd2 d5 11. Bc5 dxe4 12. dxe4 Qxd2 13. Nxd2 b6 14. Ba3 1-0

[Event "AUTO-ADV-1423"]
[Site "http://www.queenalice.com/game.php?id=731306"]
[Date "2010.2.13"]
[Round "2"]
[White "Gerd"]
[Black "lfcanales"]
[Result "0-1"]
[WhiteElo "1779"]
[BlackElo "1999"]

1. d4 d5 2. e3 Nf6 3. h3 Bf5 4. Bd3 Qd7 5. Nc3 a6 6. Nf3 Nc6 7. Bxf5 e6 8. Ne5
Nxe5 9. dxe5 exf5 10. exf6 gxf6 11. Nxd5 Qc6 12. f4 O-O-O 13. Nb6+ Qxb6 0-1